000 00542nam a2200193Ia 4500
008 101110s9999 xx 000 0 und d
041 _aMARATHI
082 _bSR6561
_a651.37
100 _aJoshi Bhaskar Dattatray, Shejalkar P.C.
245 _aChitanisachi Vyavsaypadhati Ani Patravyavhar
365 _b8
520 _aCommerce
546 _aMARATHI
630 _aChitanisachi Vyavsaypadhati Ani Patravyavhar
650 _aCommerce
655 _aCommerce
730 _aChitanisachi Vyavsaypadhati Ani Patravyavhar
942 _cBOOK
999 _c802420
_d802417